000 00684nam a2200277Ia 4500
005 20260324153535.0
008 008 260324s9999 xx 000 0 eng d
020 _a9780128222324
037 _aEBOOK
040 _aCRL
040 _beng
040 _cCRL
041 _2eng
041 _aeng
084 _qCRL
100 _aGordon Asmundson
_91231677
245 0 _aComprehensive Clinical Psychology, 2nd Edition
250 _a2
260 _bElsevier
260 _c2022
650 _aNeuroscience and Psychology
856 _uhttps://www.sciencedirect.com/science/referenceworks/9780128222324
942 _cEBOOK
999 _c1843284
_d1843284